Ricostruisci la Carriera del Calciatore - Andrej Aršavin - Statistics

Statistiche generali
  • Questo quiz è stato fatto 7 volte
  • Il punteggio medio è 3 su 8
Statistiche sulle risposte
Hint Risposta % Corretto
2000-2009 Zenit San Pietroburgo
83%
2009-2012 Arsenal
67%
1999-2000 Zenit-2
67%
2012-2013 Arsenal
33%
2015-2016 Kuban'
33%
2016-2018 Qaırat
17%
2012 Zenit San Pietroburgo
0%
2013-2015 Zenit San Pietroburgo
0%
Nessun quiz corrispondente trovato
Distribuzione punteggi
Percentuale di utenti per punteggio
Percentile per numero di risposta
I tuoi punteggi nel tempo
Non hai fatto questo quiz